Digital design
Saved in:
| Main Author: | |
|---|---|
| Other Authors: | , |
| Format: | Book |
| Language: | English Italian |
| Published: |
Basel :
Birkhaeuser,
c2000.
|
| Series: | IT revolution in architecture
|
| Subjects: | |
| Tags: |
Add Tag
No Tags, Be the first to tag this record!
|
MARC
| LEADER | 00000cam a2200000 i 4500 | ||
|---|---|---|---|
| 001 | 1/16642 | ||
| 008 | 010202s2000 sz | ||| |||| ||eng|| | ||
| 020 | |a 3764362960 | ||
| 035 | |l 10065848 | ||
| 040 | |a GR-MyUA |b gre |e AACR2 | ||
| 041 | 1 | |a eng |h ita | |
| 082 | 0 | |a 620.00420285 |2 (21) | |
| 100 | 1 | |a Martegani, Paolo |d 1938- | |
| 245 | 1 | 0 | |a Digital design / |c Paolo Martegani, Riccardo Montenegro ; translation from italian to english Darragh Henegan. |
| 260 | |a Basel : |b Birkhaeuser, |c c2000. | ||
| 300 | |a 93 σ. : |b εικ. ; |c 19 εκ. | ||
| 490 | 1 | |a (IT revolution in architecture) | |
| 500 | |a Τίτλος πρωτοτύπου: Design digitale. | ||
| 504 | |a Περιλαμβάνει βιβλιογραφίες. | ||
| 650 | 0 | 0 | |a New products |x Computer-aided design. |
| 650 | 0 | 0 | |a Industrial design |x Technological innovations. |
| 700 | 1 | |a Montenegro, Riccardo. | |
| 700 | 1 | |a Henegan, Darragh, |e trl | |
| 830 | 0 | |a IT revolution in architecture | |
| 852 | |a INST |b SYROS |e 20010202 |h 620.00420285 MAR |p 005500001500 |q 005500001500 |t BK |y 0 | ||
| 901 | |a BIBL5-2001-1 | ||
| 909 | |a Ε |b 084741 | ||
| 922 | |a 5ΕΛΗ |b 200012 |c ΓΡΑΦΙΚΩΝ ΤΕΧΝΩΝ |d ΜΙΧΑΛΟΠΟΥΛΟΣ | ||
| 950 | |a 183-2000-12-07 | ||
| 970 | |a ΚΟΝΤΟΥ |b ΠΑΡΑΣΚΕΥΗ |z 2001/02/22 | ||